000 00334nam a22001337a 4500
003 SGT
020 _a9789355211279
082 _a320
_bS22K
100 _aकुमार, संतोष
245 _aसंघ और सरकार
260 _bप्रभात प्रकाशन
_c2022
300 _a390
942 _2ddc
_cBK
999 _c32052
_d32052